<?xml version="1.0" encoding="UTF-8"?>
<record
    xmlns:xsi="http://www.w3.org/2001/XMLSchema-instance"
    xsi:schemaLocation="http://www.loc.gov/MARC21/slim http://www.loc.gov/standards/marcxml/schema/MARC21slim.xsd"
    xmlns="http://www.loc.gov/MARC21/slim">

  <leader>00204nam a2200085   4500</leader>
  <controlfield tag="001">1259000</controlfield>
  <controlfield tag="005">20260410144147.0</controlfield>
  <datafield tag="245" ind1=" " ind2=" ">
    <subfield code="a">FENER BALI&#x11E;ININ KAYIP I&#x15E;I&#x11E;I</subfield>
    <subfield code="c">G&#xD6;KTU&#x11E; CANBABA</subfield>
  </datafield>
  <datafield tag="260" ind1=" " ind2=" ">
    <subfield code="b">DO&#x11E;AN E&#x11E;MONT</subfield>
  </datafield>
  <datafield tag="999" ind1=" " ind2=" ">
    <subfield code="c">1259000</subfield>
    <subfield code="d">1259000</subfield>
  </datafield>
  <datafield tag="952" ind1=" " ind2=" ">
    <subfield code="0">0</subfield>
    <subfield code="1">0</subfield>
    <subfield code="2">ddc</subfield>
    <subfield code="4">0</subfield>
    <subfield code="7">0</subfield>
    <subfield code="a">1031</subfield>
    <subfield code="b">1031</subfield>
    <subfield code="d">2026-04-10</subfield>
    <subfield code="l">0</subfield>
    <subfield code="o">N5</subfield>
    <subfield code="p">1031754</subfield>
    <subfield code="r">2026-04-10 14:42:04</subfield>
    <subfield code="w">2026-04-10</subfield>
    <subfield code="y">BK</subfield>
  </datafield>
</record>
